Score 0/21 Timer 10:00
0 Plays Today
% Correct
Bismuth
92.4%
Rose Quartz
90.9%
Sapphire
90.9%
Lapis Lazuli
90.9%
Peridot
90.9%
Jasper
90.9%
Yellow Diamond
90.9%
Spinel
90.9%
Pearl
89.4%
Ruby
89.4%
Blue Diamond
89.4%
% Correct
Aquamarine
89.4%
Amethyst
87.9%
Pink Diamond
87.9%
White Diamond
87.9%
Rutile Twins
81.8%
Topaz
77.3%
Nephrite
74.2%
Padparadscha
66.7%
Rhodonite
66.7%
Fluorite
65.2%
Remove Ads.
Support Sporcle.
Get the best of Sporcle when you Go Orange. This ad-free experience offers more features, more stats, and more fun while also helping to support Sporcle. Thank you for becoming a member.

You're not logged in!

Compare scores with friends on all Sporcle quizzes.
OR
Log In

Show Comments

Extras

Created Oct 3, 2019ReportNominate
Tags:gem, Steven, Universe

Top Quizzes Today


Score Distribution

Your Account Isn't Verified!

In order to create a playlist on Sporcle, you need to verify the email address you used during registration. Go to your Sporcle Settings to finish the process.

Report this User

Report this user for behavior that violates our Community Guidelines.

Details: